F1 Driver Champions 2010-2022 - Statistics

General Stats
  • This quiz has been taken 76 times
  • The average score is 13 of 13
Answer Stats
Year Driver % Correct
2014 Lewis Hamilton
100%
2015 Lewis Hamilton
100%
2017 Lewis Hamilton
100%
2018 Lewis Hamilton
100%
2019 Lewis Hamilton
100%
2020 Lewis Hamilton
100%
2021 Max Verstappen
97%
2022 Max Verstappen
97%
2010 Sebastian Vettel
95%
2011 Sebastian Vettel
95%
2012 Sebastian Vettel
95%
2013 Sebastian Vettel
95%
2016 Nico Rosberg
94%
No matching quizzes found
Score Distribution
Percent of People with Each Score
Percentile by Number Answered
Your Score History
You have not taken this quiz